Macedonian Edessa prosopography and onomasticon

Αποθηκεύτηκε σε:
Λεπτομέρειες βιβλιογραφικής εγγραφής
Κύριος συγγραφέας: Τατάκη, Αργυρώ Β.
Συγγραφή απο Οργανισμό/Αρχή: Εθνικό Ίδρυμα Ερευνών. Κέντρον Ελληνικής και Ρωμαϊκής Αρχαιότητος
Μορφή: Βιβλίο
Γλώσσα:English
Δημοσίευση: Athens : Κέντρον Ελληνικής και Ρωμαϊκής Αρχαιότητος του Εθνικού Ιδρύματος Ερευνών, 1994
Σειρά:Μελετήματα ; ; 18
Θέματα:
Ετικέτες: Προσθήκη ετικέτας
Δεν υπάρχουν, Καταχωρήστε ετικέτα πρώτοι!

MARC

LEADER 00000cam a2200000 i 4500
001 1/26603
008 060321s1994 eng d
020 |a 960-7094-83-2 
035 |l 10083199 
040 |a GR-MY-UA  |b gre  |e aacr 
041 0 |a eng 
082 0 |a 929.409381  |2 (22) 
100 1 |a Τατάκη, Αργυρώ Β. 
245 1 0 |a Macedonian Edessa prosopography and onomasticon /  |c Argyro B. Tataki 
260 |a Athens :   |b Κέντρον Ελληνικής και Ρωμαϊκής Αρχαιότητος του Εθνικού Ιδρύματος Ερευνών,   |c 1994 
300 |a 128 σ.;  |b εικ.;  |c 25 εκ. 
490 1 |a Μελετήματα  |v ; 18 
500 |a Κείμενα στα αγγλικά και στα ελληνικά 
504 |a Περιέχει βιβλιογραφία (σ. [13]-16) και ευρετήριο 
650 0 0 |a Prosopography  |z Greece  |z Edessa. 
650 0 0 |a Names, Personal  |z Greece  |z Edessa. 
650 0 0 |a Inscriptions  |z Greece  |z Edessa. 
710 2 |a Εθνικό Ίδρυμα Ερευνών.   |b Κέντρον Ελληνικής και Ρωμαϊκής Αρχαιότητος. 
830 0 |a Μελετήματα ;  |v ; 18 
852 |a INST  |b LESVOS  |e 20060321  |h 929.409381 ΤΑΤ  |p 005100034762  |q 005100034762  |t BK  |y 0 
901 |a BIBL1-2006-1 
909 |a Λ  |b 126118 
970 |a ΚΑΡΑ  |b ΓΙΑΣΕΜΗ  |z 2006/03/21